000 00712nam a2200289Ia 4500
005 20260324115202.0
008 008 260324s9999 xx 000 0 eng d
020 _a9780429243073
037 _aEBOOK
040 _aCRL
040 _beng
040 _cCRL
041 _2eng
041 _aeng
084 _qCRL
100 _aNarayanaswamy P R Iyer
_91153687
245 0 _aAC to AC Converters
245 0 _bModeling, Simulation, and Real Time Implementation Using SIMULINK
260 _bTaylor and Francis
260 _c2019
365 _a
365 _b240
856 _uhttp://www.taylorfrancis.com/books/9780429243073
942 _cEBOOK
999 _c1744381
_d1744381